| 000 | 00428nam a22001217a 4500 | ||
|---|---|---|---|
| 082 | _a220 PRO | ||
| 100 |
_aMUHAMMAD TAHA KHIZAR HASAN TALAL ASLAM MUHAMMAD AWAIS MUNIR _971179 |
||
| 245 | _aPR-SOF-1428-DESIGN AND IMPLEMENTATION OF ELECTRONIC FUEL INJECTION CONTROLLER | ||
| 260 |
_aISLAMABAD _bNUST COLLEGE OF EME _c2015 |
||
| 650 |
_aDE-ELECT-33 _971180 |
||
| 700 |
_aDR. USMAN ALI ASST. PROF MUSTAFA MASOOD _971181 |
||
| 942 | _cCR | ||
| 999 |
_c577843 _d577843 |
||